Word Ladder: Trek Tech Quiz Stats

 Plays Quiz Updated Dec 3, 2015

Challenge
Share
Tweet
Embed
Score 0/30 Timer 03:00
2 Plays Today
Clue Word % Correct
★ ' ____ us up, Scotty!' ★★BEAM★
94.2%
Comfortably high temperatureWARM
91.3%
Group of players forming one side in a competitive game or sportTEAM
91.3%
Bird's projecting jawsBEAK
90.8%
★ ____ drive allows for space travel at faster-than-light speeds ★★WARP★
87.7%
Having given something in exchange for moneySOLD
87.6%
Having communicated information, facts, or news to someoneTOLD
87.1%
Garment for the footSOCK
86.6%
To make something extremely wetSOAK
86.3%
To fly high in the airSOAR
86.1%
For or done by one person, unaccompanied SOLO
85.4%
To a greater extentMORE
85.4%
A tailless amphibian with a short stout body and short legsTOAD
84.7%
★ With Rung 7, a typically unstable aperture connecting two points in space-time ★★WORM★
83.2%
Double agent infiltratorMOLE
82.7%
Clue Word % Correct
To have previously adornedWORE
81.6%
A trolley or cable carTRAM
79.9%
A structure extending from the shore out into a body of waterDOCK
79.5%
Layer of tissue covering the human bodySKIN
78.7%
★ With Rung 30, a large manned interstellar spacecraft ★★STAR★
78.3%
To whirl around quicklySPIN
76.3%
★ With Rung 3, a stable example connects the Bajor system to the Idran system ★★HOLE★
73.9%
Bounce along lightlySKIP
72.3%
Hardy : Oliver :: Laurel : ___STAN
72.3%
★ With Rung 8, a simulated reality facility ★★DECK★
71.3%
Habitually done, used, or found; long-established (abbrev.)TRAD
71.1%
A gesture requesting attention, or a Grammy Award-winning musicianBECK
71%
★ 'Space, the final frontier. These are the voyages of the [Rung 24] ____ Enterprise ...' ★★SHIP★
70.4%
★ With Rung 19, a simulated reality facility ★★HOLO★
69.7%
Full extent to something from end to endSPAN
69.6%

Today's Daily Dose

Missing Word
Hayao Miyazaki

Word Ladder
Florida

On This Day
December 13th II

You're not logged in!

Compare scores with friends on all Sporcle quizzes.
OR
Log In

You Might Also Like...

Show Comments

Extras

Top Quizzes Today


Score Distribution

Your Account Isn't Verified!

In order to create a playlist on Sporcle, you need to verify the email address you used during registration. Go to your Sporcle Settings to finish the process.

Report this User

Report this user for behavior that violates our Community Guidelines.

Details: